000 01274cam a2200337 a 4500
001 EDZ0000063850
003 StDuBDS
005 20161031105213.0
006 m||||||||d||||||||
007 cr |||||||||||
008 120326s1997 enk fo| 001|0|eng|d
020 _a9781446217023 (ebook) :
_cNo price
040 _aStDuBDS
_beng
_cStDuBDS
_epn
049 _aAlfaisal Main Library
050 4 _aQ175
082 0 4 _a501
_223
100 1 _aCouvalis, George,
_d1953-
245 1 4 _aThe philosophy of science
_h[electronic resource] :
_bscience and objectivity /
_cGeorge Couvalis.
260 _aLondon :
_bSAGE,
_c1997.
300 _a1 online resource (viii, 206 p.)
504 _aIncludes bibliographical references and index.
520 8 _aIn 'The Philosophy of Science', George Couvalis offers a clear non-technical introduction to the subject, surveying the key thinkers and debates in the field.
521 _aSpecialized.
588 _aDescription based on print version record.
650 0 _aScience
_xPhilosophy.
655 7 _aElectronic books.
_2local
710 2 _aSage eBooks
776 0 8 _iPrint version :
_z9780761951018
856 4 0 _uhttp://ezproxy.alfaisal.edu/login?url=http://sk.sagepub.com/books/the-philosophy-of-science
942 _2lcc
_cEBOOKS
999 _c481618
_d481618